00958nam a2200205 i 4500003000900000005001700009007000300026008004100029040003000070082001300100110005100113240005200164245010000216264003400316300002600350336002700376337003400403338002800437500028700465DO-SdBNP20240704090317.0ta240704s2024 dr 000 0 spa d aDO-SdBNPbspacBNPHUerda bF293222 aFederación Dominicana de Municipios (FEDOMU)1 aLeyes, estatutos, etc. [del catálogo antiguo]10aLey orgánica 345-22 :bde regiones únicas de planificación de la República Dominicana / 1aSanto DomingobFEDOMU,c2024. a19 páginas c22 cm. 2rdacontentatextobtxt 2rdamediaasin mediación bn 2rdacarrieravolumenbnc aEsta publicación se realiza en el marco del proyecto: "Diseño metodológico y elaboración del perfil integral de desarrollo de la región Cibao Norte", ejecutado por Fedomu con el apoyo técnico y financiero de la Agencia de Cooperación Internacional del Japón (JICA)-